| 000 | 00370nam a2200109Ia 4500 | ||
|---|---|---|---|
| 008 | 220620s9999||||xx |||||||||||||| ||und|| | ||
| 245 | 4 |
_aThe Psychology of Entrepreneurship _bNew Perspectives |
|
| 546 | _aEnglish[eng] | ||
| 650 | _aOccupational and industrial psychology||Entrepreneurship | ||
| 700 | _aGielnik, Michael M.||Cardon, Melissa S.||Frese, Michael | ||
| 942 | _cEB | ||
| 999 |
_c32623 _d32623 |
||